[Event "Heusenstamm Sparkassen op-B 5th"]
[Site "Heusenstamm"]
[Date "2018.11.22"]
[Round "1"]
[White "Zimmer, Holger"]
[Black "Werner, Tom"]
[Result "1/2-1/2"]
[WhiteElo "1394"]
[BlackElo "1693"]
[PlyCount "79"]
[EventDate "2018.11.22"]
[EventType "swiss"]
[EventRounds "7"]
[EventCountry "GER"]
[SourceTitle "CBM 187 Extra"]
[Source "ChessBase"]
[SourceDate "2018.11.04"]
[SourceVersion "1"]
[SourceVersionDate "2018.11.04"]
[SourceQuality "1"]

1. d4 e6 2. Bf4 d5 3. Nf3 Nf6 4. c3 Bd6 5. Bg3 Nbd7 6. e3 0-0 7. Bd3 Qe7 8. Nbd2 c5 9. Ne5 a6 10. 0-0 Nb8 11. Bh4 b6 12. Qf3 Nbd7 13. Nxd7 Bxd7 14. Bxf6 Qxf6 15. Qxf6 gxf6 16. f4 f5 17. Rf3 Kh8 18. Rh3 Rg8 19. Nf3 f6 20. Be2 Bb5 21. Bf1 Rg7 22. a4 Bxf1 23. Rxf1 c4 24. Rh6 Rg6 25. Rxg6 hxg6 26. g3 Rb8 27. Kg2 b5 28. axb5 Rxb5 29. Rb1 a5 30. Nd2 Kg7 31. Kf2 Kf7 32. Ke2 Ke7 33. Kd1 Kd7 34. Kc2 Kc6 35. b3 cxb3+ 36. Rxb3 a4 37. Rxb5 Kxb5 38. Kb2 g5 39. h4 gxh4 40. gxh4 1/2-1/2